This family business: (Record no. 13239)

000 -LEADER
fixed length control field 00595nam a2200193 a 4500
001 - CONTROL NUMBER
control field :::00011057$&:&@@
003 - CONTROL NUMBER IDENTIFIER
control field OkBaRHE
005 - DATE AND TIME OF LATEST TRANSACTION
control field 20000607103405.0
008 - FIXED-LENGTH DATA ELEMENTS--GENERAL INFORMATION
fixed length control field s1983 j 000 0 eng u
040 ## - CATALOGING SOURCE
Transcribing agency
100 1# - MAIN ENTRY--PERSONAL NAME
Personal name Lee, Mark W., 1923-
245 10 - TITLE STATEMENT
Title This family business:
Remainder of title the family at work.
260 ## - PUBLICATION, DISTRIBUTION, ETC. (IMPRINT)
Place of publication, distribution, etc Camp Hill, PA., :
Name of publisher, distributor, etc Christian Publications
Date of publication, distribution, etc c1983
300 ## - PHYSICAL DESCRIPTION
Extent 208 p. ;
Dimensions 21 cm.
650 ## - SUBJECT ADDED ENTRY--TOPICAL TERM
Topical term or geographic name as entry element Family
650 ## - SUBJECT ADDED ENTRY--TOPICAL TERM
Topical term or geographic name as entry element Family
General subdivision Religious Life
942 ## - ADDED ENTRY ELEMENTS (KOHA)
Source of classification or shelving scheme
Koha item type Books
Copies
Koha item type Date acquired Shelving location Full call number Price effective from Withdrawn status Source of classification or shelving scheme Not for loan Barcode Lost status Date last seen Copy number Damaged status Permanent Location
Books2010-04-14General StacksBV 4526.2 .L432010-04-14   11057 2010-04-141 RHEMA Bible Training College